| 000 | 01276cam a22003373a 4500 | ||
|---|---|---|---|
| 003 | OSt | ||
| 005 | 20140310184452.0 | ||
| 008 | 060410s2005 nyua j 000 1 eng d | ||
| 010 | _a 2006272098 | ||
| 020 | _a9780142410318 | ||
| 035 | _a(OCoLC)ocm60524928 | ||
| 040 |
_aTLM _cTLM _dBAKER _dOCLCQ _dDLC |
||
| 050 | 0 | 0 |
_aPZ 7 _b.D1515Ch 1964 |
| 100 |
_aDahl, Roald _93827 |
||
| 245 | 0 | 0 |
_aCharlie and the chocolate factory / _cRoald Dahl. |
| 260 |
_aNew York : _bScholastic Inc., _c1964. |
||
| 300 |
_a155 p. : _bill. ; _c20 cm. |
||
| 521 | _aG6 | ||
| 526 | _c810 | ||
| 650 | 0 |
_aChocolate factories _vFiction. _928132 |
|
| 650 | 1 |
_aBehavior _vFiction. _928133 |
|
| 655 | 7 |
_aHumorous fiction. _2gsafd _96350 |
|
| 700 | 1 |
_aDahl, Roald. _tCharlie and the chocolate factory. _928134 |
|
| 730 | 0 |
_aCharlie and the chocolate factory (Motion picture) _928135 |
|
| 906 |
_a7 _bcbc _ccopycat _d2 _encip _f20 _gy-gencatlg |
||
| 942 |
_2lcc _cBK-SCHOLAS |
||
| 999 |
_c34600 _d34600 |
||